00000000nas##2200000za#4500
0019.508650
003CaOODSP
00520210511115006
007ta
008150406c1991||||xxc|| p #||||f|   |0eng|d
022 |a0008-4670
040 |aCaOODSP|beng
041 |aeng
041 |afre
043 |an-cn---
0861 |aRG42-1
1102 |aCanadian Intellectual Property Office.
24514|aThe Patent Office record
260 |aOttawa - Ontario : |bIndustry Canada. |c1991.
310 |aWeekly
500 |aIndex of Canadian laid-open applications.
563 |aSoftcover
69007|aPatents|2gcpds
7760#|tCanadian Patent Office record |w(CaOODSP)9.500442
7760#|tThe Patent Office record |w(CaOODSP)9.802464
792 |tLa gazette du Bureau des brevets |efre|w(CaOODSP)9.508651